Rabindra Bharati University
WEBOPAC (ONLINE PUBLIC ACCESS CATALOGUE)

Rabindranath Tagore's ideational universe (Record no. 123458)

000 -LEADER
fixed length control field 00542nam a22001937a 4500
005 - DATE & TIME
control field 20260325134935.0
008 - FIXED-LENGTH DATA ELEMENTS--GENERAL INFORMATION
fixed length control field 260318b xxu||||| |||| 00| 0 eng d
020 ## - ISBN
International Standard Book Number 978 1 032 82433 8
Price Rs.1295.00
040 ## - CATALOGING SOURCE
Original cataloging agency RBU-Library
041 ## - Language
Language English
082 ## - DDC NUMBER
Classification number 320.5
Book Number T125(C) T.L.
100 ## - MAIN ENTRY--PERSONAL NAME
Personal name Chakrabarty,Bidyut
245 ## - TITLE STATEMENT
Title Rabindranath Tagore's ideational universe
260 ## - PUBLICATION, DISTRIBUTION, ETC. (IMPRINT)
Place of publication, distribution, etc London:
Name of publisher, distributor, etc Routledge,
Date of publication, distribution, etc 2024
300 ## - PHYSICAL DESCRIPTION
Pages 231p.
650 ## - Subject
Subject Tagore, rabindranath,1861-1941
650 ## - Subject
Subject Nationalism
942 ## - ADDED ENTRY ELEMENTS (KOHA)
Koha item type Books
100 ## - MAIN ENTRY--PERSONAL NAME
-- 1474
650 ## - Subject
-- 1472
650 ## - Subject
-- 1203
Holdings
Price effective from Location (home branch) Koha date last seen Not for loan Date acquired Source of classification or shelving scheme Koha item type Barcode (Accession No.) Damaged status Lost status Withdrawn status Sublocation or collection (holding branch) Koha full call number
2026-03-18Central Library, RBU.2026-03-18 2026-03-18 Books126982   Central Library, RBU.320.5 T125(C) T.L.

Customized by - AVIOR TECHNOLOGIES PVT. LTD. , Website : www.aviortechnologies.com , Email : mail@aviortechnologies.com